[Event "Kronach Oberfranken Cup"]
[Site "Kronach"]
[Date "2022.07.03"]
[Round "4"]
[White "Rierl, Klaus"]
[Black "Trachuk, Andriy"]
[Result "1-0"]
[WhiteElo "1737"]
[BlackElo "1617"]
[PlyCount "79"]
[EventDate "2022.07.01"]
[EventType "swiss"]
[EventRounds "5"]
[EventCountry "GER"]
[SourceTitle "EXT 2023"]
[Source "ChessBase"]
[SourceDate "2022.10.05"]
[SourceVersion "1"]
[SourceVersionDate "2022.10.05"]
[SourceQuality "1"]

1. Nf3 d5 2. d4 c5 3. e3 Nf6 4. Be2 Nc6 5. 0-0 Bf5 6. dxc5 e6 7. a3 a5 8. b3 Bxc5 9. Bb2 0-0 10. c4 Qe7 11. cxd5 Rfd8 12. Nc3 Nxd5 13. Qc1 Nf6 14. Rd1 e5 15. Rxd8+ Rxd8 16. Na4 Ba7 17. Bb5 Rc8 18. Qe1 Bb8 19. Bxc6 Rxc6 20. Qxa5 Nd7 21. Qd2 e4 22. Nd4 Qd6 23. g3 Ne5 24. Qa5 Bh3 25. Nxc6 Nf3+ 26. Kh1 bxc6 27. Qc3 Qh6 28. Rd1 Bc7 29. Nc5 f6 30. Qc4+ Kf8 31. Qxe4 Bg4 32. h4 Qh5 33. Ne6+ Bxe6 34. Qxe6 Nxh4 35. Qc8+ Kf7 36. Rd7+ Ke6 37. Rxc7+ Kd5 38. Qd8+ Ke4 39. Qd4+ Kf5 40. Qc5+ 1-0